Compendio de información estadística
محفوظ في:
| مؤلف مشترك: | |
|---|---|
| التنسيق: | كتاب |
| اللغة: | الإسبانية |
| منشور في: |
Santiago
Ministerio de Educación Pública
1994
|
| الموضوعات: | |
| الوسوم: |
إضافة وسم
لا توجد وسوم, كن أول من يضع وسما على هذه التسجيلة!
|
MARC
| LEADER | 00000nam a2200000 a 4500 | ||
|---|---|---|---|
| 001 | UCU2241 | ||
| 003 | CL-VaPUC | ||
| 008 | 960419e19940000CL |||||||||||||||||spa|d | ||
| 082 | 0 | 4 | |a 379.072 |b MIN |2 21 |
| 110 | 2 | |a Ministerio de Educación Pública |e author |9 358290 | |
| 245 | 1 | 0 | |a Compendio de información estadística |
| 300 | |a 250 p | ||
| 942 | |c BK | ||
| 945 | |d 19960419 00:00:00 |a mcarcey | ||
| 260 | |a Santiago |b Ministerio de Educación Pública |c 1994 | ||
| 650 | 7 | |a ESTADISTICA EDUCATIVA |2 CL-VaPUC |9 307023 | |
| 650 | 7 | |a MATRICULA |2 CL-VaPUC |9 329379 | |
| 650 | 7 | |a TASA DE MATRICULA |2 CL-VaPUC |9 358291 | |
| 650 | 0 | |a Educación de adultos |9 307580 | |
| 650 | 0 | |a Aspectos financieros |9 310776 | |
| 650 | 0 | |a Analfabetismo |9 324360 | |
| 651 | 7 | |a CHILE |2 CL-VaPUC |9 358292 | |
| 583 | |a last modification |c 19960419 00:00:00 |k Rodrigo Vera | ||
| 999 | |c 246608 |d 246606 | ||
| 952 | |0 0 |1 0 |4 0 |6 379_072000000000000_MIN_1994 |7 0 |8 A |9 261748 |a BIBEDU |b BIBEDU |d 2019-11-19 |i 3192563 |o 379.072 MIN 1994 |p 3192563 |r 2019-11-19 |w 2019-11-19 |y BK |k EDU | ||